000 02057ncm0a2200457 4500
001 RU\NLR\ONIZ\198230
005 20250624194734.0
035 _a(NLR Aleph) 010888852
071 2 0 _aс 3331 к
090 _a10540804
_c10540804
100 _a20140528d2003 |||y0rusy50 ca
101 0 _arus
102 _aRU
125 _aax
128 _aco
_da
145 0 _ab
200 1 _aДетский концерт
_bНоты
_dConcerto for children
_eдля скрипки с орк.
_zeng
_fВ. И. Шер
_gред. и инструм. Ю. Фалика
_gперелож. для скрипки и фп.
_g[ред. партии скрипки В. Овчарека]
208 _aКлавир
210 _aСанкт-Петербург
_cКомпозитор-Санкт-Петербург
_dcop. 2003
215 _a24 с., 1 парт. (7 с.)
_d30 см
225 1 _aЗолотой репертуар скрипача
300 _aПредисл. на с. 1
606 1 _aКонцерты для скрипки с оркестром
_yСССР
_z20 в.
_jНоты
_2nlr_sh
606 1 _aКонцерты скрипичные для детей
_yСССР
_z21 век
_jНоты
_2nlr_sh
686 _aЩ955.4-042(2)Фп
_vLBC/SL
_2rubbk
686 _aЩ955.496(2)Фп
_vLBC/SL
_2rubbk
700 1 _9z01790
_aШер
_bВ. И.
_f1900-1962
_gВениамин Иосифович
_4230
_7ca
702 1 _9z03790
_aФалик
_bЮ.А.
_f1936-2009
_gЮрий Александрович
_4340
_7ca
702 1 _9z04790
_aОвчарек
_bВ.Ю.
_cскрипка
_f1927-2007
_gВладимир Юрьевич
_4340
790 1 _9z01700
_aSher
_bV. I.
_f1900-1962
_gVeniamin Iosifovich
_4230
_7ba
790 1 _9z03702
_aFalik
_bJ.
_f1936-2009
_gJurij
_4340
_7ba
790 1 _9z04702
_aOvcharek
_bV.
_f1927-2007
_gVladimir
_4340
801 0 _aRU
_bNLR
_c20140528
_gPSBO
801 1 _aRU
_bNLR
_c20140528
_2rusmarc
801 2 _aRU
_bNLR
_c20171226
852 _aNLR
_bМ
_jК-3/26399
_p278966
_t1
852 _aNLR
_bМ
_jК-3/26399а
_p259649
_t2
942 _cSCORE
980 _aNB
980 _aONIZ